<?xml version="1.0" encoding="UTF-8"?>
<marc:record xmlns:marc="http://www.loc.gov/MARC21/slim">
   <marc:leader>00000nam a2200000 a 4500</marc:leader>
   <marc:datafield ind1="1" ind2=" " tag="100">
      <marc:subfield code="a">Grün, Anselm</marc:subfield>
      <marc:subfield code="4">aut</marc:subfield>
      <marc:subfield code="e">Verfasser/-in</marc:subfield>
   </marc:datafield>
   <marc:datafield ind1=" " ind2=" " tag="653">
      <marc:subfield code="a">Christ</marc:subfield>
   </marc:datafield>
   <marc:datafield ind1=" " ind2=" " tag="653">
      <marc:subfield code="a">Lebensführung</marc:subfield>
   </marc:datafield>
   <marc:datafield ind1="0" ind2="0" tag="245">
      <marc:subfield code="a">Was gutes Leben ist</marc:subfield>
   </marc:datafield>
   <marc:datafield ind1="0" ind2="0" tag="245">
      <marc:subfield code="b">Orientierung in herausfordernden Zeiten</marc:subfield>
   </marc:datafield>
   <marc:datafield ind1="0" ind2="0" tag="245">
      <marc:subfield code="c">Grün, Anselm</marc:subfield>
   </marc:datafield>
   <marc:datafield ind1=" " ind2="1" tag="264">
      <marc:subfield code="a">Freiburg</marc:subfield>
      <marc:subfield code="b">Herder</marc:subfield>
   </marc:datafield>
   <marc:datafield ind1="1" ind2=" " tag="520">
      <marc:subfield code="a">Angaben aus der Verlagsmeldung &#xD;
&#xD;
 &#xD;
&#xD;
  Was gutes Leben ist : Orientierung in herausfordernden Zeiten / von Anselm Grün &#xD;
&#xD;
 &#xD;
Nichts ist mehr wie es war. Wie kann es nach dem Schock und nach der Quarantäne weitergehen? In den Wochen der Krise haben sich existentielle Fragen in den Vordergrund gedrängt, einschneidende Anfragen an unser Selbstverständnis und unseren Lebensstil. Was trägt in Zeiten von Unsicherheit, was hilft in der Angst? Wo haben wir unser Maß verloren und uns selbst geschädigt? Wie wollen wir künftig leben? Was sind die wesentlichen Werte: In unserem Alltag? Im Umgang mit einander und der Umwelt? Für uns selber? Die Krise hat uns hart mit unserer Endlichkeit konfrontiert und Ängste geweckt. Aber auch gezeigt, was wirklich wichtig ist. Anselm Grün hat sich im wachen Blick auf die Zeit, im Dialog mit den Menschen und aus der spirituellen Tradition heraus seit langem mit diesen Fragen auseinandergesetzt. Höchst aktuell und sehr konkret: Eine heilsame Perspektive: Endlich leben, was wirklich gut tut. Uns und der Mitwelt.</marc:subfield>
   </marc:datafield>
   <marc:datafield ind1=" " ind2=" " tag="020">
      <marc:subfield code="a">9783451032745</marc:subfield>
      <marc:subfield code="9">9783451032745</marc:subfield>
   </marc:datafield>
   <marc:datafield ind1=" " ind2=" " tag="020">
      <marc:subfield code="a">3451032740</marc:subfield>
      <marc:subfield code="9">3451032740</marc:subfield>
   </marc:datafield>
   <marc:datafield ind1=" " ind2=" " tag="041">
      <marc:subfield code="a">ger</marc:subfield>
   </marc:datafield>
   <marc:datafield ind1=" " ind2=" " tag="338">
      <marc:subfield code="a">Band</marc:subfield>
   </marc:datafield>
   <marc:datafield ind1=" " ind2=" " tag="300">
      <marc:subfield code="a">254 Seiten</marc:subfield>
   </marc:datafield>
</marc:record>
